Symbolic dynamics and hyperbolic groups

Αποθηκεύτηκε σε:
Λεπτομέρειες βιβλιογραφικής εγγραφής
Κύριος συγγραφέας: Coornaert, M. (Michel)
Άλλοι συγγραφείς: Papadopoulos, Athanase
Μορφή: Βιβλίο
Γλώσσα:English
Δημοσίευση: Berlin ; New York : Springer-Verlag, c1993.
Σειρά:Lecture notes in mathematics (Springer-Verlag) ; 1539
Θέματα:
Ετικέτες: Προσθήκη ετικέτας
Δεν υπάρχουν, Καταχωρήστε ετικέτα πρώτοι!

MARC

LEADER 00000cam a2200000 i 4500
001 1/30123
008 960704t1993 gw ||| | eng||
020 |a 3540564993  
020 |a 9783540564997  
035 |a 1995  |l 10038490 
040 |a GR-MY-UA  |b gre  |e aacr 
041 0 |a eng 
082 0 |a 516.362  
100 1 |a Coornaert, M.   |q (Michel) 
245 1 0 |a Symbolic dynamics and hyperbolic groups /   |c Michael Coornaert, Athanase Papadopoulos.  
260 |a Berlin ; New York :   |b Springer-Verlag,   |c c1993.  
300 |a viii, 138 σ.;   |b σχέδια ;   |c 24 εκ.  
490 1 |a (Lecture notes in mathematics ;   |v 1539)  
500 |a Περιέχει βιβλιογραφικές αναφορές και ευρετήριο.  
650 0 0 |a Global differential geometry. 
650 0 0 |a Hyperbolic groups. 
650 0 0 |a Differentiable dynamical systems. 
650 0 0 |a Topological dynamics. 
700 1 |a Papadopoulos, Athanase. 
830 0 |a Lecture notes in mathematics (Springer-Verlag)  |v ; 1539 
852 |a INST  |b SAMOS  |e 19960704  |h 516.362 COO  |p 005300005339  |q 005300005339  |t BK  |y 0 
852 |a INST  |b SAMOS  |e 20160901  |h 516.362 COO  |p 005300043740  |q 005300043740  |t BK  |y 0 
909 |a Σ  |b 039242 
922 |a 3ΕΛΗ  |b 201607  |c Τμήμα Μαθηματικών  |d Δρές 
970 |a Κοσιέρης  |b Χρήστος  |z 01-09-2016